載入...
The fall/
| 主要作者: | |
|---|---|
| 格式: | Printed Book |
| 語言: | English |
| 出版: |
England:
Penguin Books,
1978.
|
| LEADER | 00418nam a2200121Ia 4500 | ||
|---|---|---|---|
| 008 | 111205s9999 xx 000 0 eng d | ||
| 100 | |a Camus ,Albert | ||
| 245 | |a The fall/ |c Camus ,Albert | ||
| 260 | |b Penguin Books, |a England: |c 1978. | ||
| 300 | |a 107p. | ||
| 942 | |c BK |2 ddc | ||
| 999 | |c 219033 |d 219033 | ||
| 952 | |0 0 |1 0 |4 0 |6 E_843C3_FAL |7 0 |9 241984 |a MAL |b MAL |c ST1 |d 1972-07-25 |g 11.00 |l 0 |o E 843C3 FAL |p MAL16316 |r 2015-04-13 |v 11.00 |w 2018-08-20 |y BK | ||